A tree is a plant (Record no. 105543)

MARC details
000 -LÍDER
campo de controle de tamanho fixo 00860 a2200325 4500
001 - NÚMERO DE CONTROLE
campo de controle 105543
020 ## - ISBN - INTERNATIONAL STANDARD BOOK NUMBER
ISBN - International Standard Book Number 0060281715
020 ## - ISBN - INTERNATIONAL STANDARD BOOK NUMBER
ISBN - International Standard Book Number 0060281723 (lib. bdg.)
020 ## - ISBN - INTERNATIONAL STANDARD BOOK NUMBER
ISBN - International Standard Book Number 0064451968 (pbk.)
020 ## - ISBN - INTERNATIONAL STANDARD BOOK NUMBER
ISBN - International Standard Book Number 0329248863
020 ## - ISBN - INTERNATIONAL STANDARD BOOK NUMBER
ISBN - International Standard Book Number 0758769105 (BWI bdg.)
020 ## - ISBN - INTERNATIONAL STANDARD BOOK NUMBER
ISBN - International Standard Book Number 9780062382108
041 ## - CÓDIGO DE IDIOMA
Código do idioma do texto/trilha sonora ou título diferente eng
082 ## - CDD - CLASSIFICAÇÃO DECIMAL DE DEWEY
Número de Classificação AP IK 583
092 ## - CLASSIFICAÇÃO DE DEWEY ATRIBUÍDA LOCALMENTE (OCLC)
Número de Classificação 00040797
040 ## - FONTE DA CATALOGAÇÃO
Instituição da catalogação original BR-BrIDEA
Instituição que transcreveu o registro BR-BrIDEA
090 ## - NÚMERO DE CHAMADA LOCAL
Número de chamada (OCLC) (R); Número de chamada, CALL (RLIN) (NR) AP SK 583
Número Cutter local (OCLC); Número de classificação do livro, CALL (RLIN) BUL
100 ## - ENTRADA PRINCIPAL--NOME PESSOAL
Nome pessoal Bulla, Clyde Robert.
250 ## - EDIÇÃO
Edição Newly illustrated ed.
245 10 - TÍTULO
Título A tree is a plant
Indicação de responsabilidade, etc. Clyde Robert Bulla
260 ## - PUBLICAÇÃO, DISTRIBUIÇÃO, ETC.
Local de publicação, distribuição, etc. New York
Nome do editor, distribuidor, etc. HarperCollins
Data da publicação, distribuição, etc. 2001
300 ## - DESCRIÇÃO FÍSICA
Extensão 31 p.
490 ## - TÍTULO DA SÉRIE
Título da série Let's-read-and-find-out science. Stage 1
697 ## - ENTRADA DE ASSUNTO LOCAL--ENTIDADE COLETIVA (RLIN)
Nome corporativo ou nome da jurisdição Apples
697 ## - ENTRADA DE ASSUNTO LOCAL--ENTIDADE COLETIVA (RLIN)
Nome corporativo ou nome da jurisdição Trees.
697 ## - ENTRADA DE ASSUNTO LOCAL--ENTIDADE COLETIVA (RLIN)
Nome corporativo ou nome da jurisdição Apples - Life cycles
830 ## - ENTRADA SECUNDÁRIA DE SÉRIE--TÍTULO UNIFORME
Título uniforme Let's-read-and-find-out science. Stage 1
856 ## - LOCALIZAÇÃO ELETRÔNICA E ACESSO
Uniform Resource Identifier <a href="00000a/00000a0e.jpg">00000a/00000a0e.jpg</a>
942 ## - ELEMENTOS DE ENTRADA ADICIONADOS (KOHA)
Tipo de material Koha Livros
Holdings
Situação do descarte Situação das perdas Fonte da classificação ou esquema de arquivamento na estante Situação física Não pode ser emprestado Biblioteca de origem Biblioteca atual Data de aquisição Total de empréstimos Número de chamada completo Código de barras Data de último acesso Data do preço efetivo Tipo de material Koha Devolução em Data do último empréstimo
    Classificação Decimal de Dewey     ECB - SUDOESTE ECB - SUDOESTE 26/02/2014   P Year 1 583 00007451SSW 23/01/2024 23/01/2024 Livros    
    Classificação Decimal de Dewey     ECB - SUDOESTE ECB - SUDOESTE 04/02/2014   P Year 1 583 00006713SSW 23/01/2024 23/01/2024 Livros    
    Classificação Decimal de Dewey     ECB - SUDOESTE ECB - SUDOESTE 11/07/2013   P JK 583 00004104SSW 23/01/2024 23/01/2024 Livros    
    Classificação Decimal de Dewey     ECB - SUDOESTE ECB - SUDOESTE 29/08/2013 2 P Year 3 583 00005089SSW 04/06/2024 23/01/2024 Livros 11/06/2024 04/06/2024
    Classificação Decimal de Dewey     ECB - SUDOESTE ECB - SUDOESTE 19/03/2014   P JK 583 00008032SSW 23/01/2024 23/01/2024 Livros    
    Classificação Decimal de Dewey     ECB - SUDOESTE ECB - SUDOESTE 15/12/2015   P SK 583 BUL 00021563SSW 23/01/2024 23/01/2024 Livros    
    Classificação Decimal de Dewey     ECB - SUDOESTE ECB - SUDOESTE 15/12/2015   P SK 583 BUL 00021562SSW 23/01/2024 23/01/2024 Livros    
    Classificação Decimal de Dewey     ECB - SUDOESTE ECB - SUDOESTE 14/08/2013   P JK 583 00004417SSW 23/01/2024 23/01/2024 Livros    
    Classificação Decimal de Dewey     ECB - SUDOESTE ECB - SUDOESTE 15/12/2015   P SK 583 BUL 00021564SSW 23/01/2024 23/01/2024 Livros    
    Classificação Decimal de Dewey     ECB - ÁGUAS CLARAS ECB - ÁGUAS CLARAS 27/02/2018   AP IK 583 BUL 00035164AGC 23/01/2024 23/01/2024 Livros    
    Classificação Decimal de Dewey     ECB - ÁGUAS CLARAS ECB - ÁGUAS CLARAS 19/02/2018   AP JK 583 BUL 00034621AGC 23/01/2024 23/01/2024 Livros    
    Classificação Decimal de Dewey     ECB - ÁGUAS CLARAS ECB - ÁGUAS CLARAS 19/02/2018   AP JK 583 BUL 00034620AGC 23/01/2024 23/01/2024 Livros    
    Classificação Decimal de Dewey     ECB - ÁGUAS CLARAS ECB - ÁGUAS CLARAS 27/02/2018   AP SK 583 BUL 00035163AGC 23/01/2024 23/01/2024 Livros